000 00417nam a22001457a 4500
005 20240306114754.0
008 240306b ||||| |||| 00| 0 eng d
040 _cAL
041 _aeng
082 _223
_a658.152
_bFINA
245 _aFinancial Management of Agricultural Marketing Co Operative Society
260 _aMangalore
_bSt Aloysius College
_c1995
700 _aSANGHVI (Roshan S)
_9153207
942 _2ddc
_cPRO
999 _c230095
_d230095